Cliquez sur le bon anime - Opening Quiz - Statistiques

Statistiques générales
  • Ce quiz a été pris 784 fois
  • Le résultat moyen est 11 sur 24
Statistiques - réponses
Hint Réponse % Correct
Shinsou wo Sasageyo - Linked Horizon L'Attaque des Titans
85%
We Are! - Hiroshi Kitadani One Piece
80%
unravel - TK from Ling Toshite Sigure Tokyo Ghoul
73%
Gurenge - LiSA Demon Slayer
70%
Chala Head Chala - Hironobu Kageyama Dragon Ball Z
68%
Departure - Masatoshi Ono Hunter X Hunter
67%
Cry Baby - Official Hige Dandism Tokyo Revengers
58%
Kaikai Kitan - Eve Jujutsu Kaisen
54%
the WORLD - NIGHTMARE Death Note
50%
Pegasus Fantasy - Make-Up Saint Seiya
46%
Colors - Flow Code Geass - Lelouch of the Rebellion
45%
Again - Yui Fullmetal Alchemist - Brotherhood
45%
Ranbu no Melody - Sid Bleach
39%
Sono Chi no Sadame - Tominaga "TOMMY" Hiroaki Jojo's Bizarre Adventure
39%
Hero's Come Back - nobodyknows+ Naruto Shippuden
37%
Seishun Satsubatsuron - 3-nen E-gumi Utatan Assassination Classroom
32%
Lilium - Noma Kumiko Elfen Lied
29%
Re:Re: - Asian Kung-Fu Generation Erased
29%
Can Do - GRANRODEO Kuroko's Basket
27%
Sora ni Utaeba - Amazarashi My Hero Academia
27%
Driver's High - L'Arc~en~Ciel GTO
25%
Angel Night - Psy-S City Hunter
17%
Ai wo Torimodose - Crystal King Hokuto no Ken
13%
Moete Hero - Hiroyuki Okita Captain Tsubasa
12%
Aucun quiz correspondant
Distribution des résultats
% des personnes avec chaque résultat
Percentile par nombre de réponses
Votre historique - résultats
Vous n’avez pas pris ce quiz